[Event "Toronto NAYCC U10"]
[Site "Toronto"]
[Date "2013.08.18"]
[Round "8"]
[White "Yong, Nathaniel"]
[Black "Landa, Tamir"]
[Result "1/2-1/2"]
[WhiteElo "1014"]
[BlackElo "833"]
[PlyCount "77"]
[EventDate "2013.08.14"]
[EventType "swiss"]
[EventRounds "9"]
[EventCountry "CAN"]
[SourceTitle "EXT 2022"]
[Source "ChessBase"]
[SourceDate "2021.10.06"]
[SourceVersion "1"]
[SourceVersionDate "2021.10.06"]
[SourceQuality "1"]

1. e4 c5 2. Nf3 Nc6 3. d4 cxd4 4. Nxd4 g6 5. Nc3 Bg7 6. Be3 d6 7. Bb5 Bd7 8. Nxc6 Bxc6 9. Bxc6+ bxc6 10. Qf3 Qc7 11. 0-0 Nf6 12. Rad1 0-0 13. Rd2 Rab8 14. b3 Nd7 15. Ne2 Ne5 16. Qg3 Qa5 17. f4 Nd7 18. Rfd1 Nb6 19. Bd4 e5 20. fxe5 dxe5 21. Bc3 Qa6 22. Bxe5 Bxe5 23. Qxe5 Rfe8 24. Qb2 Rxe4 25. Ng3 Ree8 26. Rd4 Nd5 27. Nf1 Qb6 28. Kh1 Re6 29. c4 Ne7 30. h3 Nf5 31. R4d3 c5 32. a3 a5 33. Qd2 Nd4 34. b4 axb4 35. axb4 Nf5 36. bxc5 Qxc5 37. Rc1 Re4 38. Rd5 Qc6 39. c5 1/2-1/2

[Event "Toronto NAYCC U10"]
[Site "Toronto"]
[Date "2013.08.16"]
[Round "4"]
[White "Yong, Nathaniel"]
[Black "Ren, Gaven"]
[Result "1/2-1/2"]
[WhiteElo "1014"]
[BlackElo "716"]
[PlyCount "78"]
[EventDate "2013.08.14"]
[EventType "swiss"]
[EventRounds "9"]
[EventCountry "CAN"]
[SourceTitle "EXT 2022"]
[Source "ChessBase"]
[SourceDate "2021.10.06"]
[SourceVersion "1"]
[SourceVersionDate "2021.10.06"]
[SourceQuality "1"]

1. e4 c6 2. Nf3 d5 3. exd5 cxd5 4. d4 Nf6 5. Bb5+ Bd7 6. Bxd7+ Qxd7 7. 0-0 Nc6 8. Bf4 g6 9. Nc3 Bg7 10. Qd2 0-0 11. Rfe1 Rfe8 12. Bh6 Ng4 13. Bxg7 Kxg7 14. h3 Nf6 15. Ne5 Nxe5 16. dxe5 Ng8 17. Qxd5 Qxd5 18. Nxd5 Rac8 19. c3 e6 20. Ne3 f6 21. exf6+ Nxf6 22. f3 e5 23. Rad1 b5 24. Rd2 Rcd8 25. Red1 Rxd2 26. Rxd2 a5 27. Kf2 b4 28. cxb4 axb4 29. a3 bxa3 30. bxa3 Ra8 31. Ra2 e4 32. a4 exf3 33. gxf3 Ra5 34. Ke2 Nd7 35. Kd3 Nc5+ 36. Kc4 Rxa4+ 37. Rxa4 Nxa4 38. Nd5 Nb2+ 39. Kc3 Na4+ 1/2-1/2

[Event "Toronto NAYCC U10"]
[Site "Toronto"]
[Date "2013.08.15"]
[Round "2"]
[White "Yong, Nathaniel"]
[Black "Yu, Ryan"]
[Result "1-0"]
[WhiteElo "1014"]
[BlackElo "802"]
[PlyCount "51"]
[EventDate "2013.08.14"]
[EventType "swiss"]
[EventRounds "9"]
[EventCountry "CAN"]
[SourceTitle "EXT 2022"]
[Source "ChessBase"]
[SourceDate "2021.10.06"]
[SourceVersion "1"]
[SourceVersionDate "2021.10.06"]
[SourceQuality "1"]

1. e4 e5 2. Nf3 Nc6 3. Bb5 Nd4 4. Nxd4 exd4 5. c3 a6 6. Ba4 b5 7. Bb3 d3 8. Bxf7+ Kxf7 9. Qh5+ g6 10. Qd5+ Ke8 11. Qxa8 Nf6 12. 0-0 Ng4 13. Qd5 c6 14. Qxd3 Qc7 15. Qg3 d6 16. d4 h5 17. Bg5 Bh6 18. Bxh6 Rxh6 19. h3 h4 20. Qf4 a5 21. hxg4 Rh8 22. e5 h3 23. Re1 Qd7 24. exd6+ Kd8 25. Qf6+ Qe7 26. Qxe7# 1-0